Normal view
MARC view
Entry Personal Name
001 - CONTROL NUMBER
- control field: 34958
003 - CONTROL NUMBER IDENTIFIER
- control field: dpl
005 - DATE AND TIME OF LATEST TRANSACTION
- control field: 20110928110249.0
008 - FIXED-LENGTH DATA ELEMENTS
- fixed length control field: 110928|||a|||||| | ||| d
040 ## - CATALOGING SOURCE
- Original cataloging agency: dpl
- Transcribing agency: dpl
100 ## - HEADING--PERSONAL NAME
- Personal name: Andrew
670 ## - SOURCE DATA FOUND
- Source citation: Work cat.: (dpl): Andrew , The hidden oracle of India:, 2009
670 ## - SOURCE DATA FOUND
- Source citation: Work cat.: (dpl): Andrew , The hidden oracle of India:, 2009
